| 000 | 00591nam a2200193 a 4500 | ||
|---|---|---|---|
| 005 | 20210223132222.0 | ||
| 008 | 131119s2006 cl r 000 0 spa d | ||
| 020 | _a9582008466 | ||
| 035 | _aUPN01000194113 | ||
| 049 | _aLT | ||
| 050 | 4 |
_aLB1584 C6.3 _bC6.5 |
|
| 245 | 0 | 0 |
_aComunicación y cooperación : _bformación ciudadana para tercer grado / _ctr. Judith Feráns. |
| 260 |
_aBogotá : _bMagisterio : _bPeace Games, _c2006. |
||
| 300 |
_a106 p. : _bil. |
||
| 440 | 0 | _aJuegos de paz | |
| 650 | 4 |
_aCIVISMO - _zCOLOMBIA - _vPLANES Y PROGRAMAS _923462 |
|
| 905 | _aLibro | ||
| 999 |
_c166214 _d166214 |
||